000 00690nam a2200241 i 4500
001 47305
003 ES-MaACL
005 20230906161534.0
007 t|
008 030407s1982 ag ||||1| spa d
080 _a16
100 1 _aCopi, Irving M.
_940411
245 1 0 _aIntroducción a la lógica /
_cIrving M. Copi ; [traducida por Néstor Alberto Míguez].
250 _a24ª ed.
260 _aBuenos Aires :
_bEd. Universitaria,
_c1982.
300 _a630 p. :
_bil. ;
_c23 cm.
490 1 _aEudeba. Manuales
650 4 _aLógica.
_914693
700 1 _aMíguez, Néstor.
_981054
830 1 _aEudeba. Manuales
_9187101
852 4 _aES-MaACL
_jL-6747
999 _c47305
_d47305